[Event "Cto España Equipos Div. Honor"]
[Site "Mondariz - Hotel Cemar"]
[Date "2002.12.05"]
[Round "6.4"]
[White "Llobell Cortell, Enrique"]
[Black "De La Rocha Prieto, Ramon"]
[Result "1-0"]
[WhiteElo "2385"]
[BlackElo "2285"]
[PlyCount "50"]
[EventDate "2002.11.30"]

1. e4 d6 2. Nc3 Nf6 3. f4 e5 4. Nf3 Nbd7 5. Bc4 Be7 6. O-O O-O 7. fxe5 dxe5 8.
d3 c6 9. a4 Qc7 10. Qe1 Nb6 11. Bb3 Be6 12. Bxe6 Bc5+ 13. Kh1 fxe6 14. Qg3 Bd6
15. Be3 Rae8 16. Qh3 Nc8 17. Nb1 Kh8 18. Nbd2 b5 19. g4 a6 20. g5 Ng8 21. g6 h6
22. Ng5 Nge7 23. Nf7+ Kg8 24. Nxh6+ gxh6 25. Qxe6+ Rf7 1-0

[Event "Cto España Equipos Div. Honor"]
[Site "Mondariz - Hotel Cemar"]
[Date "2002.12.05"]
[Round "6.4"]
[White "Moreno, Javier"]
[Black "Gonzalez Velez, Fermin"]
[Result "1-0"]
[WhiteElo "2503"]
[BlackElo "2379"]
[PlyCount "64"]
[EventDate "2002.11.30"]

1. e4 c5 2. Nf3 d6 3. c3 e6 4. d4 d5 5. e5 Bd7 6. Nbd2 Nc6 7. Nb3 c4 8. Nbd2 b5
9. Be2 Nge7 10. Nf1 Nc8 11. Ng3 Nb6 12. Nh5 b4 13. O-O a5 14. Bd2 Na7 15. Qe1
Na4 16. b3 Nxc3 17. Bxc3 bxc3 18. bxc4 dxc4 19. Qxc3 Rc8 20. Bxc4 Bb4 21. Qb3
O-O 22. a3 Be7 23. d5 a4 24. Qd3 exd5 25. Qxd5 Qc7 26. e6 fxe6 27. Qd4 Rf7 28.
Ne5 Nc6 29. Qxd7 Qxd7 30. Nxd7 Nd4 31. Ba2 Bd8 32. Ne5 Rf5 1-0

[Event "Cto España Equipos Div. Honor"]
[Site "Mondariz - Hotel Cemar"]
[Date "2002.12.05"]
[Round "6.4"]
[White "Ruiz Jimenez, Francisco"]
[Black "Estremera Panos, Sergio"]
[Result "1/2-1/2"]
[WhiteElo "2119"]
[BlackElo "2359"]
[PlyCount "65"]
[EventDate "2002.11.30"]

1. e4 c5 2. Nf3 Nc6 3. d4 cxd4 4. Nxd4 Nf6 5. Nc3 d6 6. Bc4 Bd7 7. O-O g6 8.
Bg5 Bg7 9. Nxc6 bxc6 10. Qd2 O-O 11. Rad1 Bg4 12. f3 Be6 13. Bxe6 fxe6 14. Na4
Nd7 15. Bh6 Bxh6 16. Qxh6 Qa5 17. b3 Nb6 18. Nxb6 Qc5+ 19. Rf2 axb6 20. a4 b5
21. axb5 Ra2 22. Qd2 cxb5 23. Qd3 Rc8 24. Rdd2 Ra1+ 25. Rd1 Rca8 26. g3 Rxd1+
27. Qxd1 Qc3 28. Kg2 Ra1 29. Qd2 Qc5 30. Rf1 Ra2 31. Rf2 Ra1 32. Rf1 Ra2 33.
Rf2 1/2-1/2

[Event "Cto España Equipos Div. Honor"]
[Site "Mondariz - Hotel Cemar"]
[Date "2002.12.06"]
[Round "7.1"]
[White "Giorgadze, Giorgi"]
[Black "Cifuentes Parada, Roberto"]
[Result "1-0"]
[WhiteElo "2601"]
[BlackElo "2507"]
[PlyCount "117"]
[EventDate "2002.11.30"]

1. e4 c5 2. Nc3 e6 3. f4 d5 4. Nf3 dxe4 5. Nxe4 Nc6 6. Bb5 Bd7 7. Qe2 Qc7 8.
O-O O-O-O 9. d3 Nf6 10. Bd2 Nxe4 11. dxe4 Be7 12. c3 Kb8 13. Be3 f6 14. a3 Rhg8
15. b4 g5 16. fxg5 fxg5 17. bxc5 Na5 18. Bxd7 Rxd7 19. Qb5 a6 20. Qb4 Ka8 21.
Kh1 Rg6 22. Bd4 Nc6 23. Qb6 Qb8 24. e5 g4 25. Nd2 Nxe5 26. Bxe5 Qxe5 27. Nc4
Qc7 28. Rf7 Rh6 29. Qxc7 Rxc7 30. Nb6+ Kb8 31. Rd1 Bxc5 32. Rd8+ Ka7 33. Nc8+
Rxc8 34. Rxc8 Bd6 35. Rd8 Bxh2 36. Rdd7 Bd6+ 37. Kg1 Bc5+ 38. Kf1 Kb6 39. Rxb7+
Kc6 40. Rxh7 Rf6+ 41. Ke1 Rf4 42. Rbc7+ Kb6 43. Rcf7 Re4+ 44. Kd2 g3 45. Rf1
Bf2 46. Rb1+ Kc6 47. Rh8 Ra4 48. Rb3 Bc5 49. Rc8+ Kd6 50. c4 Bxa3 51. Rxg3 Bb4+
52. Kc2 Ra2+ 53. Kb1 Re2 54. Rd3+ Ke5 55. c5 Rxg2 56. c6 Bd6 57. Rd8 Bc7 58.
R8d7 Ke4 59. Rd2 1-0

[Event "Cto España Equipos Div. Honor"]
[Site "Mondariz - Hotel Cemar"]
[Date "2002.12.06"]
[Round "7.1"]
[White "Gurevich, Mikhail"]
[Black "Rodriguez Vargas, Orestes"]
[Result "1-0"]
[WhiteElo "2634"]
[BlackElo "2465"]
[PlyCount "55"]
[EventDate "2002.11.30"]

1. d4 d5 2. c4 c6 3. Nf3 Nf6 4. Qc2 e6 5. Bg5 Nbd7 6. e3 h6 7. Bh4 g5 8. Bg3
Ne4 9. Nc3 Nxg3 10. hxg3 Bg7 11. cxd5 exd5 12. Bd3 Nf6 13. O-O-O Be6 14. Kb1
Qe7 15. Ne5 Ng4 16. Nxg4 Bxg4 17. Rde1 Be6 18. f4 Kf8 19. e4 dxe4 20. Nxe4 Bxd4
21. Rhf1 Qb4 22. fxg5 Qa5 23. Bc4 Bxc4 24. Qxc4 Qd5 25. Qxd5 cxd5 26. Nd6 hxg5
27. Nxf7 Rh2 28. Nh6+ 1-0

[Event "Cto España Equipos Div. Honor"]
[Site "Mondariz - Hotel Cemar"]
[Date "2002.12.06"]
[Round "7.1"]
[White "Hernandez, Gilberto"]
[Black "Rustemov, Alexander"]
[Result "1-0"]
[WhiteElo "2556"]
[BlackElo "2597"]
[PlyCount "87"]
[EventDate "2002.11.30"]

1. e4 e6 2. d3 d5 3. Qe2 Nc6 4. Nf3 e5 5. c3 Nf6 6. b4 Bg4 7. a3 d4 8. c4 Nd7
9. Nbd2 a5 10. b5 Ncb8 11. h3 Be6 12. a4 c6 13. Qd1 cxb5 14. cxb5 Bb4 15. Ba3
Bxa3 16. Rxa3 Nb6 17. Be2 N8d7 18. O-O Qe7 19. Ra1 g6 20. Ne1 O-O 21. f4 exf4
22. Rxf4 Qg5 23. Rf2 Ne5 24. Ndf3 Nxf3+ 25. Nxf3 Qe3 26. Ne1 Rfd8 27. Bg4 Bxg4
28. Qxg4 Rac8 29. Qh4 Nxa4 30. Nf3 Rc1+ 31. Rxc1 Qxc1+ 32. Rf1 Qe3+ 33. Kh2 Rf8
34. Ne5 f5 35. Qe7 Nc3 36. Ng4 Qd2 37. e5 Nd5 38. Qe6+ Kg7 39. Qxd5 fxg4 40.
Qd7+ Kh6 41. Rxf8 g3+ 42. Kxg3 Qe1+ 43. Kh2 Qxe5+ 44. Kg1 1-0

[Event "Cto España Equipos Div. Honor"]
[Site "Mondariz - Hotel Cemar"]
[Date "2002.12.06"]
[Round "7.2"]
[White "Damljanovic, Branko"]
[Black "Rodriguez Guerrero, Enrique"]
[Result "1-0"]
[WhiteElo "2550"]
[BlackElo "2319"]
[PlyCount "93"]
[EventDate "2002.11.30"]

1. Nf3 c5 2. c4 Nc6 3. Nc3 e5 4. g3 g6 5. Bg2 Bg7 6. a3 a5 7. O-O d6 8. b3 Nge7
9. Bb2 O-O 10. d3 Rb8 11. Nd2 Be6 12. Nd5 b5 13. Bc3 f5 14. f4 b4 15. axb4 axb4
16. Bb2 Qd7 17. Ra6 Bf7 18. Nxe7+ Nxe7 19. Qa1 Bh6 20. e3 Rbc8 21. Re1 Rfe8 22.
Nf3 Nc6 23. h4 Re7 24. Kf2 Bg7 25. Ng5 Nd8 26. e4 Ne6 27. Nxf7 Kxf7 28. exf5
gxf5 29. fxe5 dxe5 30. Bd5 Kf8 31. Bxe6 Rxe6 32. Rxe6 Qxe6 33. Bxe5 Qd7 34.
Bxg7+ Qxg7 35. Qxg7+ Kxg7 36. Re5 Kf6 37. Rd5 Ke6 38. Ke3 Rg8 39. Kf4 Ra8 40.
Rxf5 Kd6 41. Rd5+ Kc6 42. d4 Ra3 43. Rxc5+ Kd6 44. Rh5 Rxb3 45. Rh6+ Kd7 46.
Rxh7+ Ke6 47. Rh6+ 1-0

[Event "Cto España Equipos Div. Honor"]
[Site "Mondariz - Hotel Cemar"]
[Date "2002.12.06"]
[Round "7.2"]
[White "Romero Holmes, Alfonso"]
[Black "Arizmendi Martinez, Julen Luis"]
[Result "1/2-1/2"]
[WhiteElo "2524"]
[BlackElo "2510"]
[PlyCount "53"]
[EventDate "2002.11.30"]

1. c4 Nf6 2. Nc3 g6 3. e4 d6 4. d4 Bg7 5. Nge2 O-O 6. f3 e5 7. Bg5 c6 8. Qd2
Qa5 9. d5 c5 10. Ng3 a6 11. Be2 Qc7 12. O-O Ne8 13. Kh1 b6 14. Rf2 Ra7 15. a3
f6 16. Be3 Qd8 17. b4 Raf7 18. Rb1 Nd7 19. Rff1 h5 20. Rg1 h4 21. Nf1 f5 22.
exf5 gxf5 23. f4 Nef6 24. fxe5 Nxe5 25. Bg5 f4 26. Bxh4 Nfg4 27. Bxg4 1/2-1/2

[Event "Cto España Equipos Div. Honor"]
[Site "Mondariz - Hotel Cemar"]
[Date "2002.12.06"]
[Round "7.3"]
[White "Campora, Daniel H"]
[Black "Granados Gomez, Manuel"]
[Result "1-0"]
[WhiteElo "2544"]
[BlackElo "2410"]
[PlyCount "65"]
[EventDate "2002.11.30"]

1. e4 e5 2. Nf3 Nc6 3. Nc3 Nf6 4. Bb5 Nd4 5. Ba4 c6 6. d3 b5 7. Bb3 Nxb3 8.
axb3 d6 9. O-O g6 10. d4 Qc7 11. b4 Bg7 12. d5 O-O 13. Bg5 Bb7 14. dxc6 Bxc6
15. Qd3 Nh5 16. Rfd1 Qb7 17. Qxd6 Bxe4 18. Nxe4 Qxe4 19. c3 h6 20. Be3 Rad8 21.
Qxd8 Rxd8 22. Rxd8+ Kh7 23. h3 a6 24. Rd7 Qf5 25. Re7 Kg8 26. Rxa6 Bf6 27. Re8+
Kg7 28. Kh2 Nf4 29. Nxe5 Qe4 30. f3 Qf5 31. Ra7 Bxe5 32. Rxe5 Qf6 33. Bd4 1-0

[Event "Cto España Equipos Div. Honor"]
[Site "Mondariz - Hotel Cemar"]
[Date "2002.12.06"]
[Round "7.3"]
[White "Lezcano Jaen, Pedro"]
[Black "Martin Gonzalez, Angel"]
[Result "1/2-1/2"]
[WhiteElo "2402"]
[BlackElo "2411"]
[PlyCount "25"]
[EventDate "2002.11.30"]

1. c4 c5 2. g3 g6 3. Bg2 Bg7 4. Nc3 Nc6 5. Nf3 e5 6. a3 a5 7. d3 Nge7 8. Nd2
O-O 9. Nf1 Rb8 10. Ne3 Nd4 11. a4 d6 12. O-O Be6 13. Ned5 1/2-1/2

[Event "Cto España Equipos Div. Honor"]
[Site "Mondariz - Hotel Cemar"]
[Date "2002.12.06"]
[Round "7.3"]
[White "Reinaldo, Roi"]
[Black "Pomes, Juan"]
[Result "1/2-1/2"]
[WhiteElo "2412"]
[BlackElo "2380"]
[PlyCount "67"]
[EventDate "2002.11.30"]

1. e4 e6 2. d3 d5 3. Qe2 Nf6 4. Nf3 c5 5. g3 Be7 6. Bg2 Nc6 7. O-O b6 8. e5 Nd7
9. c4 d4 10. Bf4 Bb7 11. h4 h6 12. h5 g5 13. hxg6 fxg6 14. Na3 a6 15. Nc2 Qc7
16. b4 O-O-O 17. b5 axb5 18. cxb5 Ncb8 19. Rfc1 g5 20. Ncxd4 Nf8 21. Be3 g4 22.
Nd2 Bxg2 23. Kxg2 h5 24. Ne4 Qxe5 25. Nc6 Nxc6 26. bxc6 Qd5 27. Qb2 Qxc6 28.
Qxh8 Rxd3 29. Rc4 b5 30. Bxc5 bxc4 31. Bxe7 Qxe4+ 32. Kg1 Rxg3+ 33. fxg3 Qe3+
34. Kf1 1/2-1/2

[Event "Cto España Equipos Div. Honor"]
[Site "Mondariz - Hotel Cemar"]
[Date "2002.12.06"]
[Round "7.3"]
[White "Vassallo, Mauricio"]
[Black "Del Rio Angelis, Gabriel"]
[Result "1/2-1/2"]
[WhiteElo "2460"]
[BlackElo "2494"]
[PlyCount "26"]
[EventDate "2002.11.30"]

1. Nf3 d5 2. b3 c5 3. e3 Nf6 4. Bb2 e6 5. d4 Nc6 6. Bd3 Qa5+ 7. c3 Qc7 8. Nbd2
cxd4 9. exd4 g6 10. O-O Bg7 11. c4 O-O 12. Rc1 dxc4 13. Nxc4 Bh6 1/2-1/2

[Event "Cto España Equipos Div. Honor"]
[Site "Mondariz - Hotel Cemar"]
[Date "2002.12.06"]
[Round "7.4"]
[White "De La Rocha Prieto, Ramon"]
[Black "Martos Exposito, Manuel"]
[Result "1-0"]
[WhiteElo "2285"]
[BlackElo "2112"]
[PlyCount "93"]
[EventDate "2002.11.30"]

1. c4 g6 2. Nc3 Bg7 3. e4 d6 4. d4 Nf6 5. Be2 O-O 6. Nf3 e5 7. O-O Nc6 8. d5
Ne7 9. Ne1 Ne8 10. Be3 f5 11. f3 f4 12. Bf2 g5 13. Rc1 Ng6 14. c5 Rf7 15. a4
Bf8 16. Nd3 h5 17. Nb5 a6 18. Na3 Rg7 19. Nc4 g4 20. fxg4 hxg4 21. Bxg4 Nh4 22.
Bxh4 Qxh4 23. Bxc8 Rxc8 24. Rf3 Nf6 25. Nd2 Ng4 26. Nf1 Re8 27. Qe2 Be7 28. a5
Bd8 29. Kh1 Nf6 30. c6 bxc6 31. Rxc6 Qg5 32. g3 Qg6 33. Nf2 Kf7 34. Kg2 Rh8 35.
h3 Ke8 36. g4 Nd7 37. Rxa6 Nc5 38. Ra8 Qh7 39. b4 Nd7 40. Qb5 Ke7 41. a6 Nf6
42. Qc4 Kf7 43. Nh2 Rgg8 44. Rc8 Be7 45. Rxc7 Rb8 46. a7 Rb6 47. Rc8 1-0

[Event "Cto España Equipos Div. Honor"]
[Site "Mondariz - Hotel Cemar"]
[Date "2002.12.06"]
[Round "7.4"]
[White "Gonzalez Velez, Fermin"]
[Black "Guerra Bastida, Diego"]
[Result "0-1"]
[WhiteElo "2379"]
[BlackElo "2369"]
[PlyCount "80"]
[EventDate "2002.11.30"]

1. e4 c5 2. Nf3 d6 3. d4 Nf6 4. Nc3 cxd4 5. Nxd4 g6 6. Bg5 Bg7 7. Bb5+ Bd7 8.
Qe2 O-O 9. O-O-O Qa5 10. f4 Bxb5 11. Ndxb5 a6 12. Nd4 Nbd7 13. Rhe1 h6 14. Nb3
Qc7 15. Bxf6 Bxf6 16. Nd5 Qb8 17. e5 dxe5 18. Nxf6+ Nxf6 19. fxe5 Nh5 20. Qe3
Kh7 21. Rd7 Qc8 22. Red1 Qc6 23. Rxe7 Ng7 24. g4 Rad8 25. Rf1 Rc8 26. c3 Qa4
27. Rfxf7 Rxf7 28. Rxf7 Qxg4 29. Nd4 Kg8 30. Rxb7 Rf8 31. Ne2 Rf1+ 32. Kd2 Qa4
33. Rb3 Qxa2 34. Qb6 Qb1 35. Qb8+ Kh7 36. Rb7 Rd1+ 37. Ke3 Qd3+ 38. Kf2 Qf5+
39. Kg2 Qf1+ 40. Kg3 Rd3+ 0-1

[Event "Cto España Equipos Div. Honor"]
[Site "Mondariz - Hotel Cemar"]
[Date "2002.12.06"]
[Round "7.4"]
[White "Hernando R, Jose Ma"]
[Black "Llobell Cortell, Enrique"]
[Result "1-0"]
[WhiteElo "2371"]
[BlackElo "2385"]
[PlyCount "76"]
[EventDate "2002.11.30"]

1. d4 d6 2. Nf3 Nf6 3. g3 g6 4. Bg2 Bg7 5. O-O O-O 6. c4 Nbd7 7. Nc3 e5 8. dxe5
dxe5 9. Rb1 c6 10. b4 Qc7 11. Qc2 Nb6 12. Nd2 Be6 13. c5 Nbd5 14. Nxd5 cxd5 15.
e4 Rfd8 16. f4 exf4 17. Rxf4 d4 18. Nb3 Ng4 19. Rf1 d3 20. Qd2 Bxb3 21. Rxb3
Bd4+ 22. Kh1 Be3 23. Qd1 d2 24. Bxd2 h5 25. Qxg4 hxg4 26. Bxe3 Qe7 27. b5 Rac8
28. Rc1 Rd7 29. e5 Qxe5 30. c6 bxc6 31. bxc6 Re7 32. Bc5 Qe1+ 33. Rxe1 Rxe1+
34. Bg1 Rd8 35. c7 Rc8 36. Rb8 Ree8 37. Bxa7 Re1+ 38. Bg1 Ree8 1-0

[Event "Cto España Equipos Div. Honor"]
[Site "Mondariz - Hotel Cemar"]
[Date "2002.12.06"]
[Round "7.4"]
[White "Jerez, Alfonso"]
[Black "Moreno, Javier"]
[Result "1/2-1/2"]
[WhiteElo "2392"]
[BlackElo "2503"]
[PlyCount "23"]
[EventDate "2002.11.30"]

1. d4 Nf6 2. c4 g6 3. Nf3 Bg7 4. g3 d5 5. Bg2 dxc4 6. Na3 c5 7. Nxc4 Nc6 8. Qa4
Nd7 9. dxc5 Nxc5 10. Qa3 Na6 11. Bd2 Be6 12. Bc3 1/2-1/2

[Event "Cto España Equipos Div. Honor"]
[Site "Mondariz - Hotel Cemar"]
[Date "2002.12.07"]
[Round "8.1"]
[White "Cifuentes Parada, Roberto"]
[Black "Hernandez, Gilberto"]
[Result "1/2-1/2"]
[WhiteElo "2507"]
[BlackElo "2546"]
[PlyCount "32"]
[EventDate "2002.11.30"]

1. d4 Nf6 2. Nf3 g6 3. c4 Bg7 4. Nc3 O-O 5. e4 d6 6. Be3 Na6 7. Be2 e5 8. O-O
Ng4 9. Bg5 Qe8 10. dxe5 dxe5 11. h3 h6 12. Bd2 Nf6 13. Be3 Qe7 14. Nd5 Qd8 15.
Qc2 c6 16. Nxf6+ Qxf6 1/2-1/2

[Event "Cto España Equipos Div. Honor"]
[Site "Mondariz - Hotel Cemar"]
[Date "2002.12.07"]
[Round "8.1"]
[White "Marin, Mihail"]
[Black "Rodriguez Vargas, Orestes"]
[Result "1/2-1/2"]
[WhiteElo "2556"]
[BlackElo "2465"]
[PlyCount "22"]
[EventDate "2002.11.30"]

1. d4 d5 2. c4 dxc4 3. e3 Nf6 4. Bxc4 e6 5. Nf3 c5 6. O-O a6 7. a4 Nc6 8. Qe2
Qc7 9. Nc3 Be7 10. Rd1 O-O 11. h3 Nd7 1/2-1/2

[Event "Cto España Equipos Div. Honor"]
[Site "Mondariz - Hotel Cemar"]
[Date "2002.12.07"]
[Round "8.2"]
[White "Campos Moreno, Javier B"]
[Black "Narciso Dublan, Marc"]
[Result "1/2-1/2"]
[WhiteElo "2475"]
[BlackElo "2467"]
[PlyCount "27"]
[EventDate "2002.11.30"]

1. d4 d5 2. c4 c6 3. Nf3 Nf6 4. Nc3 e6 5. Bg5 h6 6. Bxf6 Qxf6 7. e3 Nd7 8. Bd3
dxc4 9. Bxc4 g6 10. O-O Bg7 11. b4 O-O 12. a4 a5 13. bxa5 Rxa5 14. Rb1 1/2-1/2

[Event "Cto España Equipos Div. Honor"]
[Site "Mondariz - Hotel Cemar"]
[Date "2002.12.07"]
[Round "8.2"]
[White "Corral Blanco, Juan A"]
[Black "Damljanovic, Branko"]
[Result "0-1"]
[WhiteElo "2463"]
[BlackElo "2550"]
[PlyCount "124"]
[EventDate "2002.11.30"]

1. d4 Nf6 2. c4 g6 3. Bg5 Bg7 4. e4 d6 5. Be2 O-O 6. Nf3 e5 7. Be3 c6 8. Qd2
Ng4 9. Bg5 f6 10. Bh4 Nh6 11. Nc3 Nf7 12. Qc2 Nd7 13. h3 Re8 14. O-O Qe7 15.
Rfe1 Nf8 16. d5 c5 17. a3 Bd7 18. b4 Rec8 19. Reb1 Be8 20. Rb2 Nd7 21. Nd2 Bh6
22. Bg4 cxb4 23. Rxb4 b6 24. Be2 Nc5 25. Bg4 Bd7 26. Bxd7 Nxd7 27. Ncb1 Rc7 28.
f3 Nd8 29. a4 Bxd2 30. Nxd2 Nb7 31. Nb1 Rac8 32. Na3 Na5 33. Bf2 Nb8 34. Rc1
Na6 35. Rb2 Rf8 36. Be1 f5 37. Qe2 Nc5 38. Nb5 Nab3 39. Rcb1 Nd4 40. Nxd4 exd4
41. exf5 Nxa4 42. Qxe7 Rxe7 43. Ra2 Nc3 44. Bxc3 dxc3 45. fxg6 Rc8 46. gxh7+
Rxh7 47. Ra4 Rhc7 48. Rc1 Rxc4 49. Rxa7 b5 50. Kf2 Rd4 51. Rc2 b4 52. Rb7 Re8
53. Rc1 Kf8 54. g4 Re7 55. Rb8+ Kf7 56. h4 Re5 57. h5 Rexd5 58. Rb7+ Kf6 59. h6
Re5 60. h7 Re8 61. Rh1 Rh8 62. Rh6+ Ke5 0-1

[Event "Cto España Equipos Div. Honor"]
[Site "Mondariz - Hotel Cemar"]
[Date "2002.12.07"]
[Round "8.2"]
[White "Del Rio Angelis, Gabriel"]
[Black "Castillo Gallego, Sergio"]
[Result "1-0"]
[WhiteElo "2494"]
[BlackElo "2208"]
[PlyCount "103"]
[EventDate "2002.11.30"]

1. e4 e5 2. Nf3 Nc6 3. Bb5 a6 4. Ba4 d6 5. c3 g6 6. d4 Bd7 7. Bg5 f6 8. Be3 Nh6
9. O-O Bg7 10. Bb3 Qe7 11. a3 Nf7 12. Nbd2 O-O 13. Re1 Kh8 14. Nf1 Rae8 15. Ng3
Bg4 16. h3 Bc8 17. Ba4 Rd8 18. b4 Bd7 19. Bb3 Rde8 20. Qd2 Ra8 21. Rab1 Qe8 22.
Nh2 Ncd8 23. c4 Ne6 24. d5 Ned8 25. c5 Rg8 26. Rbc1 Rc8 27. cxd6 Nxd6 28. Bd1
N8f7 29. Rc2 Qd8 30. Qc1 f5 31. exf5 Nxf5 32. Ne4 Nxe3 33. Qxe3 Bf5 34. Bf3 Nd6
35. Ng4 Rf8 36. Rc5 Qh4 37. Ng5 Bxg4 38. Bxg4 Nf5 39. Bxf5 Rxf5 40. Ne6 Qe7 41.
Rec1 c6 42. dxc6 bxc6 43. Rxc6 Rxc6 44. Rxc6 h6 45. Nxg7 Kxg7 46. Rxa6 Rf7 47.
Ra5 e4 48. Qd4+ Kh7 49. Ra8 Rg7 50. Qd8 Qxd8 51. Rxd8 Ra7 52. b5 1-0

[Event "Cto España Equipos Div. Honor"]
[Site "Mondariz - Hotel Cemar"]
[Date "2002.12.07"]
[Round "8.3"]
[White "Baron Rodriguez, Jesus"]
[Black "Lezcano Jaen, Pedro"]
[Result "1-0"]
[WhiteElo "2412"]
[BlackElo "2402"]
[PlyCount "83"]
[EventDate "2002.11.30"]

1. e4 b6 2. c4 Bb7 3. Nc3 c5 4. g3 e6 5. Bg2 Nf6 6. Nge2 Be7 7. O-O Qc8 8. d4
cxd4 9. Nxd4 O-O 10. Qe2 d6 11. b3 a6 12. Bb2 Re8 13. f4 Nc6 14. Nf3 b5 15. e5
dxe5 16. fxe5 b4 17. exf6 bxc3 18. Bxc3 Bxf6 19. Bxf6 gxf6 20. Qb2 f5 21. Qf6
Qd8 22. Qh6 Qe7 23. Ng5 f6 24. Nxe6 Ne5 25. Bd5 Bxd5 26. cxd5 Qa7+ 27. Kg2 Ng4
28. Qf4 Ne3+ 29. Kh3 Nxd5 30. Qxf5 Ne3 31. Qxf6 Nxf1 32. Qg5+ Kh8 33. Qf6+ Kg8
34. Qg5+ Kh8 35. Qe5+ Kg8 36. Rxf1 Qd7 37. Qg5+ Kh8 38. Qe5+ Kg8 39. Re1 Re7
40. Re4 h5 41. Qg5+ Kh8 42. Qh6+ 1-0

[Event "Cto España Equipos Div. Honor"]
[Site "Mondariz - Hotel Cemar"]
[Date "2002.12.07"]
[Round "8.3"]
[White "Campora, Daniel H"]
[Black "Reinaldo, Roi"]
[Result "1/2-1/2"]
[WhiteElo "2544"]
[BlackElo "2412"]
[PlyCount "37"]
[EventDate "2002.11.30"]

1. e4 e6 2. d4 d5 3. Nd2 Nf6 4. e5 Nfd7 5. Bd3 c5 6. c3 Nc6 7. Ne2 cxd4 8. cxd4
f6 9. exf6 Nxf6 10. O-O Bd6 11. f4 Qb6 12. Nf3 O-O 13. Kh1 Bd7 14. a3 Ne7 15.
Ne5 Bb5 16. Bxb5 Qxb5 17. Nc3 Qa6 18. Be3 Rac8 19. Rc1 1/2-1/2

[Event "Cto España Equipos Div. Honor"]
[Site "Mondariz - Hotel Cemar"]
[Date "2002.12.07"]
[Round "8.3"]
[White "Pomes, Juan"]
[Black "Vassallo, Mauricio"]
[Result "1/2-1/2"]
[WhiteElo "2380"]
[BlackElo "2460"]
[PlyCount "141"]
[EventDate "2002.11.30"]

1. d4 d6 2. Nf3 g6 3. c4 Bg7 4. Nc3 Nf6 5. Bg5 c5 6. e3 h6 7. Bh4 g5 8. Bg3 Nh5
9. dxc5 Nxg3 10. hxg3 dxc5 11. Qxd8+ Kxd8 12. O-O-O+ Bd7 13. Be2 Nc6 14. Rd5 e6
15. Rd6 Ke7 16. Rhd1 Rhd8 17. Ne4 b6 18. g4 Be8 19. Rxd8 Rxd8 20. Rxd8 Nxd8 21.
Ng3 Nb7 22. Bd3 Nd6 23. Ne4 Nxe4 24. Bxe4 Bd7 25. Ne1 f5 26. Bf3 Be8 27. Nd3
Bg6 28. Kd2 Kd6 29. b3 Be8 30. g3 fxg4 31. Bxg4 h5 32. Bh3 Bc6 33. f4 g4 34.
Bf1 e5 35. Ke2 Bf6 36. Kf2 Be4 37. Be2 a5 38. Kg1 exf4 39. exf4 Bd4+ 40. Kh2
Ke6 41. Bf1 Kf6 42. Be2 Kf5 43. Bf1 Be3 44. Ne1 Bd2 45. Nd3 Bc3 46. Kg1 Bf3 47.
Nf2 Bd4 48. Bd3+ Ke6 49. Kf1 h4 50. Ne4 hxg3 51. Nxg3 Be3 52. Nh5 Bc6 53. Be2
g3 54. Bg4+ Kd6 55. Nxg3 Bxf4 56. Ne2 Bd2 57. Ng1 a4 58. Ke2 Bh6 59. Nf3 Be4
60. Nd2 Bc2 61. bxa4 Bxa4 62. Kd3 Ke5 63. Bf3 Bxd2 64. Kxd2 Kd4 65. Bd5 b5 66.
Kc1 bxc4 67. Bg8 Kc3 68. Bf7 Kb4 69. Bg8 Bc6 70. Bf7 Be4 71. Bg8 1/2-1/2

[Event "Cto España Equipos Div. Honor"]
[Site "Mondariz - Hotel Cemar"]
[Date "2002.12.07"]
[Round "8.3"]
[White "Rodriguez Guerrero, Enrique"]
[Black "Romero Holmes, Alfonso"]
[Result "0-1"]
[WhiteElo "2319"]
[BlackElo "2524"]
[PlyCount "90"]
[EventDate "2002.11.30"]

1. e4 c5 2. Nf3 a6 3. c4 Nc6 4. d4 cxd4 5. Nxd4 Qb6 6. Nc2 e6 7. Be2 Bc5 8. O-O
Nf6 9. Nc3 Qc7 10. Kh1 O-O 11. f4 d5 12. cxd5 Rd8 13. Be3 b6 14. Rc1 exd5 15.
Nxd5 Nxd5 16. exd5 Ne7 17. Bf3 Rb8 18. Nb4 Qa7 19. Bxc5 bxc5 20. Nd3 Bb7 21.
Nxc5 Bxd5 22. Bxd5 Rxd5 23. Qc2 Nf5 24. Qf2 Rbd8 25. Nb3 Qb8 26. Qf3 Rd3 27.
Qc6 Ne3 28. Rfe1 Qxf4 29. Qf3 Qxf3 30. gxf3 Nf5 31. Rf1 g6 32. Rf2 Nh4 33. f4
R8d5 34. Rcf1 a5 35. Nc1 Rd2 36. Kg1 a4 37. h3 Kg7 38. Kh2 Kf6 39. Kg3 Nf5+ 40.
Kg2 Ne3+ 41. Kf3 Nxf1 42. Rxf1 Rd1 43. Rxd1 Rxd1 44. Ne2 Rd2 45. Nc3 Rxb2 0-1

[Event "Cto España Equipos Div. Honor"]
[Site "Mondariz - Hotel Cemar"]
[Date "2002.12.07"]
[Round "8.4"]
[White "Guerra Bastida, Diego"]
[Black "Magem Badals, Jorge"]
[Result "1/2-1/2"]
[WhiteElo "2361"]
[BlackElo "2506"]
[PlyCount "39"]
[EventDate "2002.11.30"]

1. e4 c6 2. d4 d5 3. Nd2 dxe4 4. Nxe4 Bf5 5. Ng3 Bg6 6. h4 h6 7. Nf3 Nd7 8. h5
Bh7 9. Bd3 Bxd3 10. Qxd3 e6 11. Bf4 Ngf6 12. O-O-O Be7 13. Kb1 O-O 14. Ne4 Qa5
15. Nxf6+ Nxf6 16. Ne5 Rad8 17. Qe2 Nd5 18. Bc1 c5 19. c4 Nf6 20. dxc5 1/2-1/2

[Event "Cto España Equipos Div. Honor"]
[Site "Mondariz - Hotel Cemar"]
[Date "2002.12.08"]
[Round "9.1"]
[White "Giorgadze, Giorgi"]
[Black "Marin, Mihail"]
[Result "1/2-1/2"]
[WhiteElo "2601"]
[BlackElo "2556"]
[PlyCount "21"]
[EventDate "2002.11.30"]

1. d4 Nf6 2. Nf3 g6 3. Bg5 Bg7 4. Nbd2 O-O 5. e3 d6 6. Bd3 Nbd7 7. O-O h6 8.
Bh4 e5 9. dxe5 dxe5 10. Bxf6 Nxf6 11. e4 1/2-1/2

[Event "Cto España Equipos Div. Honor"]
[Site "Mondariz - Hotel Cemar"]
[Date "2002.12.08"]
[Round "9.1"]
[White "Hernandez, Gilberto"]
[Black "Campora, Daniel H"]
[Result "1/2-1/2"]
[WhiteElo "2546"]
[BlackElo "2544"]
[PlyCount "32"]
[EventDate "2002.11.30"]

1. c4 Nf6 2. Nc3 c5 3. g3 Nc6 4. Bg2 g6 5. Nf3 Bg7 6. O-O e5 7. d3 d6 8. Bg5 h6
9. Bxf6 Bxf6 10. Rb1 O-O 11. a3 a5 12. Nd5 Be6 13. Nxf6+ Qxf6 14. Nd2 Qe7 15.
Ne4 f5 16. Nc3 Rab8 1/2-1/2

[Event "Cto España Equipos Div. Honor"]
[Site "Mondariz - Hotel Cemar"]
[Date "2002.12.08"]
[Round "9.2"]
[White "Narciso Dublan, Marc"]
[Black "Franco, Zenon"]
[Result "1/2-1/2"]
[WhiteElo "2467"]
[BlackElo "2504"]
[PlyCount "26"]
[EventDate "2002.11.30"]

1. e4 c5 2. c3 d5 3. exd5 Qxd5 4. d4 e6 5. Na3 Nf6 6. Nf3 Be7 7. Nb5 Na6 8. Be2
O-O 9. O-O cxd4 10. Qxd4 Qxd4 11. Nbxd4 Nc5 12. Ne5 Rd8 13. Bf3 Ne8 1/2-1/2

[Event "Cto España Equipos Div. Honor"]
[Site "Mondariz - Hotel Cemar"]
[Date "2002.12.08"]
[Round "9.2"]
[White "Pablo Mari, Alejandro"]
[Black "Rodriguez Guerrero, Enrique"]
[Result "0-1"]
[WhiteElo "2434"]
[BlackElo "2319"]
[PlyCount "100"]
[EventDate "2002.11.30"]

1. e4 e6 2. d3 d5 3. Nd2 Nf6 4. g3 c5 5. Bg2 Nc6 6. Ngf3 Be7 7. O-O O-O 8. Re1
b5 9. e5 Nd7 10. Nf1 a5 11. h4 b4 12. N1h2 a4 13. a3 bxa3 14. bxa3 Ba6 15. Bg5
Rb8 16. Ng4 Nd4 17. Qc1 h6 18. Nxd4 cxd4 19. Bxh6 gxh6 20. Qxh6 Re8 21. Be4
dxe4 22. Rxe4 Bf8 23. Qh5 Qe7 24. Rxd4 Nxe5 25. Nxe5 Bg7 26. Rd7 Qf6 27. Re1
Rb7 28. Ng4 Qg6 29. Qxg6 fxg6 30. Rd6 Bb5 31. c4 Bd7 32. Ne5 Bc8 33. Nxg6 Rb3
34. Rc6 Kh7 35. h5 Rxd3 36. Nf4 Rxa3 37. Rc7 Kh6 38. Kg2 Ra2 39. Rd1 Be5 40.
Rf7 Bxf4 41. gxf4 Kxh5 42. Kf3 Kg6 43. Ra7 Kf6 44. Rh1 Re7 45. Rh6+ Kg7 46.
Rxe7+ Kxh6 47. Rc7 Ba6 48. f5 a3 49. fxe6 Kg6 50. c5 Rxf2+ 0-1